Organization and Management (Record no. 915)

MARC details
000 -LEADER
fixed length control field 00444nam a22001817a 4500
005 - DATE AND TIME OF LATEST TRANSACTION
control field 20180813112122.0
008 - FIXED-LENGTH DATA ELEMENTS--GENERAL INFORMATION
fixed length control field 160517b xxu||||| |||| 00| 0 eng d
020 ## - INTERNATIONAL STANDARD BOOK NUMBER
ISBN 0-07-451506-3
041 ## - LANGUAGE CODE
Language code of text/sound track or separate title eng
082 ## - DEWEY DECIMAL CLASSIFICATION NUMBER
Item number 2503
Classification number 658.4
100 ## - MAIN ENTRY--AUTHOR NAME
Personal name AGARWAL, R.D.
245 ## - TITLE STATEMENT
Title Organization and Management
250 ## - EDITION STATEMENT
Edition statement 1st Ed.
260 ## - PUBLICATION, DISTRIBUTION, ETC. (IMPRINT)
Place of publication New Delhi
Name of publisher Tata McGraw Hill Ltd.
Year of publication 2004
300 ## - PHYSICAL DESCRIPTION
Number of Pages 697p,
650 ## - SUBJECT ADDED ENTRY--TOPICAL TERM
Topical Term Management
942 ## - ADDED ENTRY ELEMENTS (KOHA)
Koha item type Books
Holdings
Lost status Damaged status Home library Shelving location Date acquired Cost, normal purchase price Full call number Accession Number Koha item type
    JRU Library SHELF - 19 - K 17/05/2016 135.00 658.4 2503 Books